At the margins : (Record no. 92282)

MARC details
000 -LEADER
fixed length control field 00685nam a22002057a 4500
005 - DATE AND TIME OF LATEST TRANSACTION
control field 20170712113420.0
010 ## - LCCN (DPL NO)
LC control number ENG-112395
020 ## - INTERNATIONAL STANDARD BOOK NUMBER
International Standard Book Number 9780198099154
Terms of availability 1195.00
020 ## - INTERNATIONAL STANDARD BOOK NUMBER
International Standard Book Number 198099150
Terms of availability 1195.00
035 ## - SYSTEM CONTROL NUMBER
System control number EN-95927
037 ## - SOURCE OF ACQUISITION
Source of stock number/acquisition DBAD/PUB
082 ## - DEWEY DECIMAL CLASSIFICATION NUMBER
Classification number 954.13304
100 ## - MAIN ENTRY--PERSONAL NAME
Personal name Sengupta, Jayanta
245 ## - TITLE STATEMENT
Title At the margins :
Remainder of title by Jayanta Sengupta
Statement of responsibility, etc discourses of development, democracy, and regionalism in orissa /
260 ## - PUBLICATION, DISTRIBUTION, ETC. (IMPRINT)
Place of publication, distribution, etc New Delhi
Name of publisher, distributor, etc Oxford University Press
Date of publication, distribution, etc 2015
270 ## - ADDRESS
Address YMCA Library Building, 1 Jai Singh Road,
City New Delhi
Postal code 110001
300 ## - PHYSICAL DESCRIPTION
Extent xiv,441p.
Dimensions 23cm(Hb)
500 ## - GENERAL NOTE
General note Includes bibliographical references and index
942 ## - ADDED ENTRY ELEMENTS (KOHA)
Source of classification or shelving scheme Dewey Decimal Classification
Item type English Books
Call number suffix SEN
Holdings
Withdrawn status Lost status Not for loan Collection code Home library Current library Date acquired Source of acquisition Cost, normal purchase price Full call number Barcode Copy number Cost, replacement price Koha item type
      Non-fiction Central Jail Tihar Central Jail Tihar 17/03/2015 DBAD/PUB 1195.00 954.13304 SEN EN-95927 1 1195.00 English Books

© Delhi Public Library
Hit Counter
free hit counter